00625nam a22001577a 450000500170000001000150001702000270003203500140005903700090007308200110008224501160009326000760020927000990028530000510038470000320043520260204143617.0 aHIN-131032 a9789349162815c1599.00 aHN-103378 bDBAD a821.08 aभक्ति अगाध अनंत:cमाधव हाडा द्वारा संपादित  aदिल्ली bराजपाल एण्ड सन्जc2026 a1590, मदरसा रोड, कश्मीरी गेट,bदिल्ली e110006 a734पृ.c22सेमी(अजिल्द} aहाडा ,माधव